Freud, Proust, Benjamín: psicoanálisis y filosofía de la historia en síntesis inconstruible /
Al comienzo del siglo XX, el espacio de la memoria y el tiempo del recuerdo requirieron de medios que trascendieran los alcances de la estética y de las teorías de la subjetividad contemporáneas. Dar cuenta de dos hechos inéditos que, en síntesis inconstruible, rebasaron su época y dieron actualidad...
Сохранить в:
| Главный автор: | |
|---|---|
| Другие авторы: | |
| Формат: | Текст |
| Предметы: | |
| Метки: |
Добавить метку
Нет меток, Требуется 1-ая метка записи!
|
MARC
| LEADER | 00000 a a2200000 04500 | ||
|---|---|---|---|
| 001 | 13765 | ||
| 003 | |||
| 040 | |||
| 100 | |a Montes Callabed, Raquel | ||
| 245 | |a Freud, Proust, Benjamín: |b psicoanálisis y filosofía de la historia en síntesis inconstruible / |c Raquel Montes Callabed ; Víctor Javier Novoa Cota | ||
| 520 | |a Al comienzo del siglo XX, el espacio de la memoria y el tiempo del recuerdo requirieron de medios que trascendieran los alcances de la estética y de las teorías de la subjetividad contemporáneas. Dar cuenta de dos hechos inéditos que, en síntesis inconstruible, rebasaron su época y dieron actualidad a la nuestra. Ahondando en esta coincidencia, en su trabajo sobre Marcel Proust, Walter Benjamin muestra como entre memoria e inconsciente se abren resquicios de entrecruzamiento inevitables. El objetivo de este trabajo es interrogarse acerca de cuál es el sentido del autor y la temporalidad que entra en juego. Si Proust le dio memoria al siglo XIX y Freud inconsciente al XX, es posible que el psicoanálisis y la filosofía de la historia encuentren una posibilidad de diálogo sobre su actualidad. | ||
| 590 | |a RRA/JUNIO2011 | ||
| 650 | |a 1.PSICOANALISIS | ||
| 650 | |a 2.FILOSOFIA | ||
| 650 | |a 3.HISTORIA | ||
| 650 | |a 4.TEORIA | ||
| 650 | |a 5.AUTORES | ||
| 700 | |a Novoa Cota, Víctor Javier | ||
| 773 | |g volumen 87, número 2; páginas 137-150 | ||
| 999 | |c 33411 |d 33411 | ||
